000 00541nam a22001697a 4500
005 20260205160305.0
008 260205b |||||||| |||| 00| 0 eng d
020 _a978-178583179-9
050 _aLB 1576 .T493 2021
100 _a THARDY, ANDY
245 _aMAKING EVERY ENGLISH LESSON COUNT.
260 _aCARMATHEN, WALES,
_bCROWN HOUSE PUBLISHING LIMITED,
_c2021.
300 _aiii, 161 P, ILL
500 _aINCLUDES BIBLIOGRAPHY
650 _aENGLISH LANGUAGE- STUDY AND TEACHING (SECONDARY)- GREAT BRITAIN
942 _2lcc
_cBK
999 _c216563
_d216563